| 000 | 00514ntaaa2200193 4500 | ||
|---|---|---|---|
| 003 | 01 | ||
| 005 | 20251027201658.0 | ||
| 008 | 0714s1973 ag 01 | ||
| 040 |
_aAR-BaBN _bspa _cAR-BaBN _eaacr _dRIC |
||
| 082 | _a232.9570 J47 | ||
| 100 |
_aJeremías, Joachim _91188 |
||
| 245 | _aThe eucharistic words of Jesus | ||
| 250 | _a1 ed. | ||
| 260 |
_aNew York : _bCharles Scribner's Sons, _cc1966 |
||
| 300 | _a278 p | ||
| 500 | _aLas palabras eucarísticas de Jesús | ||
| 650 |
_aCena del Señor _9286 |
||
| 942 | _cBK | ||
| 999 |
_c11550 _d11550 |
||